Score 0/18 Timer 03:00
1 Play Today
Clue 5-Letter Word % Correct
Select with a mouseCLICK
96%
Young henCHICK
95.5%
Remove facial hairSHAVE
95%
Restaurant billCHECK
94.9%
SlipperySLICK
93.6%
Cut into thin piecesSLICE
93.3%
● Color of inexperience ●● GREEN ●
93.2%
Small streamCREEK
91.7%
Tremble or vibrateSHAKE
90.7%
Clue 5-Letter Word % Correct
Pertaining to Sparta's countryGREEK
90.3%
Rouge destinationCHEEK
88.2%
Aromatic seasoningSPICE
87.4%
Herb often paired with sour creamCHIVE
87%
Very large nail used in a railroad trackSPIKE
83.7%
Plug for an ale caskSHIVE
81.7%
Uttered, archaicallySPAKE
80.9%
First name of Narnia author or actor OwenCLIVE
79.9%
● Antipasto ingredient ●● OLIVE ●
73.5%

Today's Daily Dose

Remove Ads.
Support Sporcle.
Get the best of Sporcle when you Go Orange. This ad-free experience offers more features, more stats, and more fun while also helping to support Sporcle. Thank you for becoming a member.

You're not logged in!

Compare scores with friends on all Sporcle quizzes.
OR
Log In

Show Comments

Extras

Top Quizzes Today


Score Distribution

Your Account Isn't Verified!

In order to create a playlist on Sporcle, you need to verify the email address you used during registration. Go to your Sporcle Settings to finish the process.

Report this User

Report this user for behavior that violates our Community Guidelines.

Details: